000 00740cab a2200229 4500
001 WB3346-20
008 090401t1997 xxu||||| |||| 00| 0 eng d
035 _a(Sirsi) u82375
041 _aeng
245 _aContaminated site cleaner
260 _c1997
350 _a0
490 _aContract Journal
_v391(6153) 26 November 1997, 3(1)
520 _aEnvironmental consultants Dames & Moore have launched a new technique which they say will clean up contaminated sites for a fifth of the cost of conventional methods.
650 _aCLEAN-UP COSTS
650 _aCLEAN-UP TECHNIQUES
650 _aCLEANING SITES
650 _aCONTAMINATED LAND
690 _aENVIRONMENTAL AND LAND CONSULTANCY
942 _n0
948 _c27/11/1997
999 _c51996
_d51996